| Tag |
First Indicator |
Second Indicator |
Subfields |
| LEADER |
00000cam a2200000 4500 |
| 001 |
in00000052056 |
| 005 |
20151007080302.0 |
| 008 |
720107s1959 eng u |
| 010 |
|
|
|a 59006713
|
| 035 |
|
|
|a (OCoLC)00192505
|
| 035 |
|
|
|9 AAF4555AM
|
| 040 |
|
|
|c WSU
|d TXA
|d UtOrBLW
|
| 049 |
|
|
|a TXAM
|c [308671]
|
| 090 |
|
|
|a BF175
|b .F42
|
| 092 |
|
|
|a 131.341
|b F312m
|
| 100 |
1 |
|
|a Feldman, Sandor S.
|
| 245 |
1 |
0 |
|a Mannerisms of speech and gestures in everyday life.
|
| 264 |
|
1 |
|a New York :
|b International Universities Press,
|c [1959]
|
| 300 |
|
|
|a 301 pages
|
| 336 |
|
|
|a text
|b txt
|2 rdacontent
|
| 337 |
|
|
|a unmediated
|b n
|2 rdamedia
|
| 338 |
|
|
|a volume
|b nc
|2 rdacarrier
|
| 650 |
|
0 |
|a Psychoanalysis.
|
| 650 |
|
0 |
|a Psycholinguistics.
|
| 650 |
|
0 |
|a English language
|x Semantics.
|
| 650 |
|
0 |
|a Gesture.
|
| 999 |
|
|
|a MARS
|
| 999 |
f |
f |
|s 9548ad99-ecdc-31d1-bea8-b67b00230ec2
|i 8f4101c9-812c-3140-8e4d-73eee29b22d2
|t 0
|
| 952 |
f |
f |
|p ric
|a Texas A&M University
|b Rellis Campus
|c Joint Library Facility
|d Remote Storage
|t 0
|e BF175 .F42
|h Library of Congress classification
|i unmediated -- volume
|m A14800510808
|
| 998 |
f |
f |
|a BF175 .F42
|t 0
|l Remote Storage
|